000 00358nam a2200157Ia 4500
003 IT-RoPAU
008 120407s9999 xx 000 0 und d
040 _aIT-RoPAU
040 _cIT-RoPAU
100 _aGiuseppe Betori
245 _aAffidati alla Parola. Ricerche sull'opera di Luca
260 _aDehoniane
300 _c cm
490 _v1
942 _cBK
999 _c2366
_d2366